Veľký zámer sa rozmieňa na drobné

Informatizácia verejnej správy na Slovensku. Zvýšenie efektívnosti, produktivity a kvality služieb verejného sektora. Charakteristika vedeckovýskumného projektu Access-eGov financovaného Európskou komisiou. Kombinácia tradičných a elektronických služieb verejnej správy. Výhody systému Access-eGov.

Saved in:
Bibliographic Details
Main Author: Džupka, Peter
Other Authors: Sabol, Tomáš
Format: Book Chapter
Language:Slovak
Subjects:
Tags: Add Tag
No Tags, Be the first to tag this record!

MARC

LEADER 00000naa$a2200000$$$4500
001 0056034
005 20231016085339.5
041 0 |a slo 
044 |a SK 
245 1 0 |a Veľký zámer sa rozmieňa na drobné  |c Peter Džupka, Tomáš Sabol 
520 |a Informatizácia verejnej správy na Slovensku. Zvýšenie efektívnosti, produktivity a kvality služieb verejného sektora. Charakteristika vedeckovýskumného projektu Access-eGov financovaného Európskou komisiou. Kombinácia tradičných a elektronických služieb verejnej správy. Výhody systému Access-eGov. 
610 2 0 |a správa verejná 
610 2 0 |a Slovensko 
610 2 0 |a informatizácia 
610 2 0 |a projekty 
610 2 0 |a technológie informačné 
100 1 |a Džupka, Peter 
700 1 |a Sabol, Tomáš